| 000 | 00844cam a22002171i 4500 | ||
|---|---|---|---|
| 001 | e 15002715 | ||
| 003 | DLC | ||
| 005 | 20260227111205.0 | ||
| 008 | 780228s1915 ag a 001 0 spa c | ||
| 010 | _ae 15002715 | ||
| 035 | _a(OCoLC)3675630 | ||
| 040 |
_aLibrary, U. S. Bur. of Education _cDNIE _dDLC |
||
| 042 | _apremarc | ||
| 050 | 0 | 0 |
_aLA547 _b.N4 |
| 100 | 1 | _aNelson, Ernesto. | |
| 245 | 1 | 0 |
_aPlan de reformas a la enseñanza secundaria, en sus fines, su organización y su función social : _bestudio sometido a la consideración del Señor ministro de justicia e instrucción pública, Dr. Tomás R. Cullen / _cpor Ernesto Nelson. |
| 260 |
_aBuenos Aires : _b"La Casa de los maestros," _c1915. |
||
| 300 |
_a308 p. : _bill., diagrs. (2 fold.) |
||
| 500 | _aIncludes index. | ||
| 650 | 0 |
_aEducation, Secondary _xCurricula _zArgentina. |
|
| 999 |
_c19907 _d19907 |
||